Most Common US Last Names Starting With M - Statistics

General Stats
  • This quiz has been taken 416 times
  • The average score is 18 of 51
Answer Stats
# name % Correct
672,711 Martin
86%
1,127,803 Miller
85%
124,839 Matthews
75%
311,754 Morris
74%
775,072 Martinez
68%
101,726 May
65%
176,094 McDonald
65%
698,671 Moore
65%
155,484 Mason
63%
367,433 Mitchell
61%
117,939 Morrison
61%
60,999 Marsh
57%
67,154 Mack
56%
81,022 Mann
55%
147,909 Mills
52%
276,400 Morgan
51%
177,213 Marshall
50%
300,501 Murphy
44%
149,664 Meyer
43%
81,933 Miles
41%
224,824 Myers
41%
65,779 Maxwell
39%
178,414 Murray
38%
112,736 Mendez
34%
73,750 Moss
32%
217,642 Morales
29%
64,305 Mueller
29%
81,035 McCarthy
25%
112,144 Montgomery
25%
106,481 McCoy
24%
117,774 Munoz
23%
86,317 McDaniel
22%
72,069 Manning
21%
79,951 Marquez
20%
71,925 McGee
18%
62,116 McGuire
17%
168,567 Mendoza
17%
78,546 Moran
17%
146,088 Moreno
17%
70,286 Mullins
17%
69,257 Malone
15%
62,663 McCormick
14%
60,874 McBride
13%
67,646 Miranda
13%
139,353 Medina
11%
70,211 Molina
11%
73,128 McLaughlin
10%
88,016 Maldonado
8%
80,616 McKinney
8%
62,344 Moody
8%
66,534 Mejia
5%
No matching quizzes found
Score Distribution
Percent of People with Each Score
Percentile by Number Answered
Your Score History
You have not taken this quiz